[Event "Mexico City Garritas 05th"]
[Site "Mexico City"]
[Date "2014.05.04"]
[Round "4"]
[White "Martin Del Campo Chavana, Robert"]
[Black "Alarcon Morales, Elvira"]
[Result "1-0"]
[WhiteElo "1649"]
[BlackElo "1959"]
[PlyCount "85"]
[EventDate "2014.05.02"]
[EventType "tourn"]
[EventRounds "5"]
[EventCountry "MEX"]
[SourceTitle "EXT 2018"]
[Source "ChessBase"]
[SourceDate "2017.10.13"]
[SourceVersion "1"]
[SourceVersionDate "2017.10.13"]
[SourceQuality "1"]

1. e4 e5 2. Nf3 Nc6 3. Bb5 a6 4. Ba4 Nf6 5. 0-0 b5 6. Bb3 Be7 7. Re1 0-0 8. c3 d5 9. exd5 Nxd5 10. d4 exd4 11. Nxd4 Nxd4 12. Qxd4 Be6 13. Nd2 Bf6 14. Qc5 Be7 15. Qd4 c5 16. Qe4 c4 17. Bc2 Nf6 18. Qh4 h6 19. Ne4 Ng4 20. Qg3 Bh4 21. Qf3 f5 22. Ng3 Bd5 23. Qf4 g5 24. Qd4 f4 25. Rf1 fxg3 26. hxg3 Bxg3 27. Qxg4 Bc7 28. Be3 Qd6 29. Qh5 Bf7 30. Qh3 Bg6 31. Rad1 Qh2+ 32. Qxh2 Bxh2+ 33. Kxh2 Bxc2 34. Rd6 Kh7 35. Rd7+ Kg8 36. Bd4 Rf7 37. Rd6 Kh7 38. Re1 Bf5 39. Rb6 Raf8 40. Rxa6 Rb7 41. Re5 b4 42. cxb4 Rxb4 43. Re7+ 1-0

[Event "Mexico City Garritas 05th"]
[Site "Mexico City"]
[Date "2014.05.02"]
[Round "1"]
[White "Martin Del Campo Chavana, Robert"]
[Black "Lopez Raygoza, Luis Alberto"]
[Result "0-1"]
[WhiteElo "1649"]
[BlackElo "2145"]
[PlyCount "106"]
[EventDate "2014.05.02"]
[EventType "tourn"]
[EventRounds "5"]
[EventCountry "MEX"]
[SourceTitle "EXT 2018"]
[Source "ChessBase"]
[SourceDate "2017.10.13"]
[SourceVersion "1"]
[SourceVersionDate "2017.10.13"]
[SourceQuality "1"]

1. e4 e5 2. Nf3 Nc6 3. Bc4 Be7 4. Nc3 Nf6 5. Bb3 0-0 6. 0-0 d6 7. h3 a6 8. d4 exd4 9. Nxd4 Nxd4 10. Qxd4 Bd7 11. a4 Bc6 12. Bg5 h6 13. Bh4 Qd7 14. Bg3 Rad8 15. Rad1 Qc8 16. Bh2 b5 17. Rfe1 Rfe8 18. axb5 axb5 19. Bd5 Nxd5 20. exd5 Bd7 21. Ne4 Bf5 22. Qb4 Qb7 23. c3 Bxe4 24. Rxe4 Bf6 25. Bg3 Rxe4 26. Qxe4 Qa8 27. Re1 Qa2 28. Qb4 Qxd5 29. Qe4 Qxe4 30. Rxe4 c5 31. f3 d5 32. Re2 d4 33. Bc7 Rc8 34. Be5 d3 35. Bxf6 dxe2 36. Bh4 Ra8 37. Be1 c4 38. Kf2 Ra2 39. Kxe2 Rxb2+ 40. Kf1 f5 41. g4 f4 42. h4 g5 43. h5 Rc2 44. Kg1 Kf7 45. Kf1 Ke6 46. Kg1 Kd5 47. Kf1 Kc5 48. Kg1 Rc1 49. Kf2 Rxe1 50. Kxe1 b4 51. cxb4+ Kxb4 52. Kd1 Kc3 53. Kc1 Kd3 0-1

[Event "Mexico City Estelar Anniv-C 1st"]
[Site "Mexico City"]
[Date "2014.03.08"]
[Round "3"]
[White "Garcia Torres, Francisco"]
[Black "Martin Del Campo Chavana, Robert"]
[Result "1/2-1/2"]
[WhiteElo "1838"]
[BlackElo "1633"]
[PlyCount "27"]
[EventDate "2014.03.07"]
[EventType "tourn"]
[EventRounds "5"]
[EventCountry "MEX"]
[SourceTitle "EXT 2018"]
[Source "ChessBase"]
[SourceDate "2017.10.13"]
[SourceVersion "1"]
[SourceVersionDate "2017.10.13"]
[SourceQuality "1"]

1. e4 c5 2. Nf3 d6 3. d4 cxd4 4. Nxd4 Nf6 5. Nc3 g6 6. Be3 Nc6 7. f3 Bg7 8. Qd2 0-0 9. 0-0-0 d5 10. Qe1 e5 11. Nxc6 bxc6 12. exd5 Nxd5 13. Bc4 Be6 14. Rd2 1/2-1/2